ARRUPE JESUIT UNIVERSITY

CORONAVIRUS -STOP THE SPREAD - CLEAN,DISINFECT,COVER

Hitler's Luftwaffe : (Record no. 125497)

MARC details
000 -LEADER
fixed length control field 01050cam a2200301 i 4500
001 - CONTROL NUMBER
control field 4633358
003 - CONTROL NUMBER IDENTIFIER
control field ARRUPE
005 - DATE AND TIME OF LATEST TRANSACTION
control field 20161013111835.0
008 - FIXED-LENGTH DATA ELEMENTS--GENERAL INFORMATION
fixed length control field 780629s1977 enkabce 001 0 eng
010 ## - LIBRARY OF CONGRESS CONTROL NUMBER
LC control number 78304682
015 ## - NATIONAL BIBLIOGRAPHY NUMBER
National bibliography number GB77-33701
020 ## - INTERNATIONAL STANDARD BOOK NUMBER
International Standard Book Number 0861010051 :
Terms of availability £5.95
040 ## - CATALOGING SOURCE
Original cataloging agency DLC
Transcribing agency DLC
Modifying agency DLC
043 ## - GEOGRAPHIC AREA CODE
Geographic area code e-gx---
050 00 - LIBRARY OF CONGRESS CALL NUMBER
Classification number UG635.G3
Item number W58
082 00 - DEWEY DECIMAL CLASSIFICATION NUMBER
Classification number 358.4/14/0943
300 ## - PHYSICAL DESCRIPTION
Other physical details ill. (chiefly col.), map, plans, ports. ;
Dimensions 31 cm.
100 1# - MAIN ENTRY--PERSONAL NAME
Personal name Wood, Tony,
Dates associated with a name 1940-
9 (RLIN) 26709
245 10 - TITLE STATEMENT
Title Hitler's Luftwaffe :
Remainder of title a pictorial history and technical encyclopedia of Hitler's air power in World War II /
Statement of responsibility, etc by Tony Wood, Bill Gunston.
260 ## - PUBLICATION, DISTRIBUTION, ETC. (IMPRINT)
Place of publication, distribution, etc London :
Name of publisher, distributor, etc Salamander Books,
Date of publication, distribution, etc 1977.
300 ## - PHYSICAL DESCRIPTION
Extent 248 p. :
500 ## - GENERAL NOTE
General note Includes index.
610 10 - SUBJECT ADDED ENTRY--CORPORATE NAME
Corporate name or jurisdiction name as entry element Germany.
Subordinate unit Luftwaffe.
9 (RLIN) 26710
650 #0 - SUBJECT ADDED ENTRY--TOPICAL TERM
Topical term or geographic name as entry element Airplanes, Military
Geographic subdivision Germany.
9 (RLIN) 26711
650 #0 - SUBJECT ADDED ENTRY--TOPICAL TERM
Topical term or geographic name as entry element World War, 1939-1945
General subdivision Aerial operations, German.
9 (RLIN) 26712
700 1# - ADDED ENTRY--PERSONAL NAME
Personal name Gunston, Bill,
Relator term joint author.
9 (RLIN) 26595
906 ## - LOCAL DATA ELEMENT F, LDF (RLIN)
a 7
b cbc
c orignew
d 3
e ncip
f 19
g y-gencatlg
942 ## - ADDED ENTRY ELEMENTS (KOHA)
Source of classification or shelving scheme Library of Congress Classification
Koha item type Monograph ( Printed materials)
Holdings
Withdrawn status Lost status Source of classification or shelving scheme Damaged status Not for loan Collection code Home library Current library Shelving location Date acquired Total Checkouts Full call number Barcode Date last seen Price effective from Koha item type
    Library of Congress Classification     Main Collection ARRUPE LIBRARY ARRUPE LIBRARY Main Collection 13/10/2016   L. UG635.G3 W58 46500010560 13/10/2016 13/10/2016 Monograph ( Printed materials)

 

Arrupe Library. PO Box MP320 Mt Pleasant, Harare, Zimbabwe
263 242 745411|librarian@aju.ac.zw